[Event "15th European Club Cup Women"]
[Site "Plovdiv BUL"]
[Date "2010.10.21"]
[Round "5"]
[White "Galojan, Lilit"]
[Black "Muzychuk, Mariya"]
[Result "1-0"]
[WhiteTitle "IM"]
[BlackTitle "IM"]
[WhiteElo "2373"]
[BlackElo "2464"]
[Board "1.4"]
[WhiteTeam "MIKA Yerevan"]
[BlackTeam "AVS"]
[WhiteFideId "13301314"]
[BlackFideId "14114550"]
[EventType "team"]

1. d4 f5 2. c4 Nf6 3. Nc3 e6 4. Bg5 Bb4 5. Qc2 b6 6. a3 Bxc3+ 7. Qxc3 Bb7 8. f3
O-O 9. e3 d6 10. Bd3 Nbd7 11. Ne2 Qe7 12. Qc2 c5 13. O-O g6 14. Nc3 Kg7 15. Bh4
h6 16. Bf2 Rac8 17. Rfe1 e5 18. dxe5 dxe5 19. e4 f4 20. Nd5 Qd6 21. Red1 g5 22.
Be2 Qe6 23. Qa4 a6 24. b4 Nxd5 25. exd5 Qd6 26. Rab1 Rc7 27. Rb2 Rf6 28. Qb3 Bc8
29. Rdb1 Qe7 30. a4 Rd6 31. a5 bxa5 32. bxc5 Nxc5 33. Qa3 Rd8 34. Rb6 Nb7 35.
Qxe7+ Rxe7 36. Bd3 Nd6 37. c5 Nb5 38. d6 Ra7 39. Ra1 Nc3 40. Rxa5 Nd5 41. Rb1
Ra8 42. Be4 Nc3 43. Bxa8 Nxb1 44. Be1 Bf5 45. Be4 Bxe4 46. fxe4 Kf7 47. Ra1 Rb8
48. c6 Ke6 49. d7 1-0

[Event "15th European Club Cup Women"]
[Site "Plovdiv BUL"]
[Date "2010.10.21"]
[Round "5"]
[White "Koneru, Humpy"]
[Black "Bojkovic, Natasa"]
[Result "1-0"]
[WhiteTitle "GM"]
[BlackTitle "IM"]
[WhiteElo "2593"]
[BlackElo "2368"]
[Board "3.1"]
[WhiteTeam "Cercle d'Echecs de Monte Carlo"]
[BlackTeam "BAS Beograd"]
[WhiteFideId "5008123"]
[BlackFideId "908550"]
[EventType "team"]

1. d4 Nf6 2. c4 e6 3. Nc3 Bb4 4. e3 O-O 5. Ne2 d5 6. a3 Be7 7. cxd5 exd5 8. g3
c6 9. Bg2 Re8 10. O-O Bf8 11. Qc2 g6 12. f3 c5 13. Rd1 cxd4 14. Nxd4 Nc6 15. g4
Bh6 16. Qe2 Qe7 17. h3 Be6 18. Nc2 Rad8 19. Bd2 Qf8 20. Nb5 Bc8 21. Qf2 Bg7 22.
Bc3 Qe7 23. Nbd4 h5 24. g5 Nd7 25. h4 Nb6 26. Re1 Na4 27. Nxc6 bxc6 28. Bxg7
Kxg7 29. f4 Bb7 30. Nb4 Nc5 31. f5 gxf5 32. Qxf5 a5 33. Nd3 Nxd3 34. Qxd3 c5 35.
Qc3+ Kg8 36. Qxa5 Qd6 37. Qd2 Re5 38. Rf1 Rde8 39. Rf6 R8e6 40. Raf1 Rxf6 41.
Rxf6 Qe7 42. Kf2 Qd7 43. e4 Qg4 44. Qf4 Qxf4+ 45. Rxf4 dxe4 46. Ke3 f5 47. gxf6
Kf7 48. Bxe4 Re6 49. Kf3 Bxe4+ 50. Rxe4 Rb6 51. b4 cxb4 52. axb4 Kxf6 53. Ke3
Kf5 54. Kd3 Rg6 55. Rc4 Ke5 56. Rc5+ Kd6 57. Rxh5 Kc6 58. Kc4 Rg4+ 59. Kb3 Rg1
60. Rc5+ Kb6 61. Rg5 Rh1 62. h5 Rb1+ 63. Kc4 Rc1+ 64. Kd4 Rb1 65. b5 Rb4+ 66.
Ke3 Rh4 67. Kf3 1-0

[Event "15th European Club Cup Women"]
[Site "Plovdiv BUL"]
[Date "2010.10.21"]
[Round "5"]
[White "Gaponenko, Inna"]
[Black "Hou, Yifan"]
[Result "1/2-1/2"]
[WhiteTitle "IM"]
[BlackTitle "GM"]
[WhiteElo "2469"]
[BlackElo "2578"]
[Board "3.2"]
[WhiteTeam "BAS Beograd"]
[BlackTeam "Cercle d'Echecs de Monte Carlo"]
[WhiteFideId "14101181"]
[BlackFideId "8602980"]
[EventType "team"]

1. e4 c5 2. c3 g6 3. d4 cxd4 4. cxd4 d5 5. exd5 Nf6 6. Nc3 Bg7 7. Qb3 O-O 8. Be2
Nbd7 9. Bf3 Nb6 10. Nge2 Bg4 11. Bxg4 Nxg4 12. a4 a5 13. Bf4 Nf6 14. d6 exd6 15.
O-O Re8 16. Rfe1 Nh5 17. Be3 Rc8 18. Rad1 h6 19. Qb5 Ra8 20. d5 Nd7 21. Qxb7 Ne5
22. Nf4 Rb8 23. Qa6 Qg5 24. Nd3 Qh4 25. Nxe5 Bxe5 26. h3 Rxb2 27. Ne2 Qxa4 28.
Nd4 Nf4 29. Bxf4 Bxf4 30. Rxe8+ Qxe8 31. Qxa5 Qe4 32. Qd8+ Kh7 33. Qf6 Rb7 34.
g3 Bd2 35. Nf3 Ba5 36. Kg2 Qe2 37. Qd4 Bb6 38. Qd2 Qb5 39. Qf4 Bc5 40. Qf6 Qb2
41. Qxb2 Rxb2 42. Rd2 Rb1 43. g4 Kg7 44. h4 Kf6 45. Kg3 Rb3 46. Kg2 Rb4 47. Kg3
h5 48. gxh5 gxh5 49. Ng5 Bd4 50. Rd3 Be5+ 51. Kh3 Kg6 52. Nf3 Bf6 53. Ra3 Rb5
54. Rd3 Kf5 55. Kg3 Rb4 56. Ra3 Rb5 57. Rd3 Ke4 58. Re3+ Kxd5 59. Ng5 Be5+ 60.
f4 Bd4 61. Re7 f6 62. Nf3 Bc3 63. Rh7 Ke4 64. Re7+ Kd3 65. Rh7 Rf5 66. Re7 Bb4
67. Ng1 d5 68. Re6 d4 69. Kf3 Ra5 70. Rxf6 Be1 71. Re6 Bxh4 72. Re5 Ra1 73. Rxh5
Rf1+ 74. Kg2 Rxf4 75. Nf3 Bf6 76. Ra5 Ke4 77. Ra3 Rg4+ 78. Kf2 Rg8 79. Ra6 Rf8
80. Re6+ Kd5 81. Ra6 Kc4 82. Ke2 d3+ 83. Kd1 Bc3 84. Nd2+ Kd5 85. Ra3 Kd4 86.
Ra4+ Ke3 87. Nc4+ Kd4 88. Nb2+ Ke3 89. Nc4+ Kd4 90. Nb2+ Ke3 1/2-1/2

[Event "15th European Club Cup Women"]
[Site "Plovdiv BUL"]
[Date "2010.10.21"]
[Round "5"]
[White "Vasilevich, Tatjana"]
[Black "Cramling, Pia"]
[Result "1/2-1/2"]
[WhiteTitle "IM"]
[BlackTitle "GM"]
[WhiteElo "2399"]
[BlackElo "2509"]
[Board "3.4"]
[WhiteTeam "BAS Beograd"]
[BlackTeam "Cercle d'Echecs de Monte Carlo"]
[WhiteFideId "14101610"]
[BlackFideId "1700030"]
[EventType "team"]

1. Nf3 Nf6 2. c4 e6 3. g3 d5 4. Qc2 c5 5. cxd5 Nxd5 6. b3 Be7 7. Bb2 O-O 8. Bg2
b6 9. O-O Bb7 10. d4 Nd7 11. Nc3 Rc8 12. Nxd5 Bxd5 13. Qd2 Nf6 14. Rac1 Ne4 15.
Qd3 cxd4 16. Bxd4 Ba3 17. Rxc8 Qxc8 18. Ne5 Nf6 19. Bxd5 Nxd5 20. Rd1 Rd8 21.
Ba1 Be7 22. Qc4 Qxc4 23. Nxc4 f5 24. a4 a6 25. Bb2 b5 26. axb5 axb5 27. Ne5 Rc8
28. Rc1 Rxc1+ 29. Bxc1 1/2-1/2

[Event "15th European Club Cup Women"]
[Site "Plovdiv BUL"]
[Date "2010.10.21"]
[Round "5"]
[White "Videnova, Iva"]
[Black "Belic, Jordanka"]
[Result "1-0"]
[WhiteTitle "WIM"]
[BlackTitle "WGM"]
[WhiteElo "2283"]
[BlackElo "2297"]
[Board "4.2"]
[WhiteTeam "Lokomotiv 2000"]
[BlackTeam "USV Volksbank Halle"]
[WhiteFideId "2907763"]
[BlackFideId "4617304"]
[EventType "team"]

1. e4 c5 2. Nf3 Nc6 3. d4 cxd4 4. Nxd4 g6 5. Nc3 Bg7 6. Be3 Nf6 7. Bc4 d6 8. f3
O-O 9. Qd2 Nxd4 10. Bxd4 Be6 11. Bb3 Qa5 12. O-O-O Bxb3 13. cxb3 Rfc8 14. Kb1
Rc6 15. h4 h5 16. g4 hxg4 17. h5 e5 18. h6 Bf8 19. Be3 gxf3 20. Rdf1 Rxc3 21.
Qxc3 Qxc3 22. bxc3 Nxe4 23. Rxf3 f5 24. h7+ Kh8 25. c4 f4 26. Bxf4 exf4 27. Rxf4
Ng3 28. Rh3 Nh5 29. Rf7 Bg7 30. Rxb7 Kxh7 31. Rd3 Kh6 32. Rxd6 Nf6 33. c5 Ne4
34. Rd3 g5 35. c6 Rc8 36. c7 Bf6 37. Rd7 Nc5 38. Rb8 Nxd7 39. Rxc8 Nb6 40. Rb8 1-0

[Event "15th European Club Cup Women"]
[Site "Plovdiv BUL"]
[Date "2010.10.21"]
[Round "5"]
[White "Janeva, Mariya"]
[Black "Straub, Natalia"]
[Result "0-1"]
[BlackTitle "WGM"]
[WhiteElo "2042"]
[BlackElo "2224"]
[Board "4.4"]
[WhiteTeam "Lokomotiv 2000"]
[BlackTeam "USV Volksbank Halle"]
[WhiteFideId "2906554"]
[BlackFideId "14102757"]
[EventType "team"]

1. e4 e6 2. d4 d5 3. exd5 exd5 4. Nf3 Nf6 5. Bd3 Be7 6. O-O Bg4 7. h3 Bh5 8. Bf4
O-O 9. Nbd2 Bd6 10. Bg5 Nbd7 11. c3 c6 12. Qc2 Bg6 13. Bxg6 hxg6 14. Rfe1 Qc7
15. Re2 Rfe8 16. Rae1 Rxe2 17. Rxe2 Re8 18. Rxe8+ Nxe8 19. Nf1 Nef6 20. N3d2 Nf8
21. Qd3 Ne6 22. Bh4 Nh5 23. Qe3 Qa5 24. a3 Qa4 25. Nf3 Bf4 26. Qe2 Bc1 27. Ne5
Nhf4 28. Qg4 Qc2 29. g3 f5 30. Qf3 Ne2+ 31. Kg2 Bxb2 32. Nxg6 Qe4 33. Ne7+ Kh7
34. Nxf5 Nxc3 35. Be7 Qxf3+ 36. Kxf3 Nb5 37. a4 Nbxd4+ 38. Nxd4 Nxd4+ 39. Kf4
Kg6 40. Ne3 Ne2+ 41. Kg4 b6 42. Bb4 a5 43. Bd2 Bc3 44. Bxc3 Nxc3 45. f4 Nxa4 46.
f5+ Kf7 47. Kf4 Nc5 48. Ke5 a4 49. Nc2 Ke7 50. h4 Nd7+ 51. Kd4 Kd6 52. g4 c5+
53. Ke3 Ke5 54. h5 b5 55. Kd3 b4 56. Ne3 a3 57. Kc2 Nf6 58. Kb3 Kf4 0-1

[Event "15th European Club Cup Women"]
[Site "Plovdiv BUL"]
[Date "2010.10.21"]
[Round "5"]
[White "Botvinnik, Irina"]
[Black "Zhukova, Natalia"]
[Result "0-1"]
[WhiteTitle "WFM"]
[BlackTitle "GM"]
[WhiteElo "2216"]
[BlackElo "2499"]
[Board "5.1"]
[WhiteTeam "Herzliya Chess Club"]
[BlackTeam "Giprorechtrans"]
[WhiteFideId "2806088"]
[BlackFideId "14101513"]
[EventType "team"]

1. c4 e6 2. Nc3 d5 3. d4 c5 4. cxd5 exd5 5. Nf3 Nc6 6. e3 Nf6 7. Be2 cxd4 8.
Nxd4 Bd6 9. O-O O-O 10. Nxc6 bxc6 11. Qa4 Qc7 12. g3 Rb8 13. Qc2 h5 14. Bf3 Bh3
15. Rd1 h4 16. Ne2 Qd7 17. b3 Rfe8 18. Bb2 Ne4 19. Rac1 Ng5 20. Bh1 Qg4 21. Nd4
hxg3 22. hxg3 c5 23. Nf5 Rbd8 24. Bxg7 Qxf5 25. Qxf5 Bxf5 26. Rxd5 Kxg7 27. Rxf5
Ne6 28. Bc6 Rh8 29. Rc4 Rh6 30. Rg4+ Rg6 31. Ra4 Bb8 32. Bd5 Rd7 33. Bxe6 fxe6
34. Rxc5 Rd1+ 35. Kg2 Rd2 36. Kf3 Rf6+ 37. Ke4 Rfxf2 38. Rg5+ Kf6 39. Rg8 Bd6
40. Rxa7 Rxa2 41. Rd7 Be7 42. Re8 Bc5 43. Rc8 Rf5 44. Kd3 Rg2 45. Rcc7 Ba3 46.
Ke4 Rxg3 47. Rf7+ Kg5 48. Rg7+ Kh4 49. Rh7+ Rh5 50. Rxh5+ Kxh5 51. Rc6 Rg6 52.
Rc2 Bd6 53. Rd2 Bg3 54. b4 Kg4 55. Rd8 Rg5 56. Re8 Re5+ 57. Kd4 Kf3 58. Rf8+ Rf5
59. Re8 Rd5+ 60. Kc4 Re5 61. b5 Re4+ 62. Kc5 Rxe3 63. b6 e5 64. b7 e4 65. Rf8+
Ke2 66. Kd4 Rb3 67. Kxe4 Rxb7 68. Ra8 Rb4+ 69. Kd5 Kf3 70. Ra3+ Kf4 71. Rc3 Rb8
72. Rc4+ Kf5 73. Kd4 Be5+ 74. Ke3 Rb3+ 75. Ke2 Bf4 76. Rc2 Rh3 77. Rc4 Ke5 78.
Ra4 Rb3 79. Kf2 Be3+ 80. Kf3 Bd4+ 81. Kg4 Rb2 82. Kf3 Rf2+ 83. Kg3 Rf8 84. Ra6
Ke4 85. Re6+ Be5+ 86. Kg2 Ra8 87. Rb6 Ra2+ 88. Kf1 Bd4 89. Rb3 Be3 90. Rb7 Kf3
91. Rf7+ Bf4 92. Re7 Rh2 93. Rg7 Rh8 94. Rg6 Rc8 95. Re6 Rc2 96. Re8 Ra2 97. Re6
Rf2+ 98. Kg1 Rg2+ 99. Kf1 Rg5 100. Re8 Rh5 101. Rg8 Bd6 102. Rg7 Rb5 103. Rf7+
Bf4 104. Re7 Rb2 105. Re8 Rc2 106. Re7 Rc8 107. Re6 Bg5 108. Re5 Bd2 109. Rf5+
Bf4 0-1

[Event "15th European Club Cup Women"]
[Site "Plovdiv BUL"]
[Date "2010.10.21"]
[Round "5"]
[White "Munguntuul, Batkhuyag"]
[Black "Len, Irina"]
[Result "0-1"]
[WhiteTitle "IM"]
[WhiteElo "2412"]
[BlackElo "2065"]
[Board "5.2"]
[WhiteTeam "Giprorechtrans"]
[BlackTeam "Herzliya Chess Club"]
[WhiteFideId "4900758"]
[BlackFideId "2805715"]
[EventType "team"]

1. d4 d5 2. Nf3 e6 3. Bf4 f5 4. e3 Nf6 5. Bd3 Be7 6. h3 Nbd7 7. g4 Ne4 8. Nbd2
c5 9. c3 c4 10. Be2 b5 11. Rg1 O-O 12. Qc2 b4 13. gxf5 exf5 14. Bh6 Rf7 15. Nxc4
Bh4 16. O-O-O bxc3 17. Nd6 cxb2+ 18. Kb1 Nxd6 19. Nxh4 Qxh4 20. Qc6 Qxh6 21.
Qxa8 Nb6 22. Qc6 Bb7 23. Qc5 Ne4 24. Qc2 Na4 25. Rd3 Qc6 26. Qxc6 Bxc6 27. Bd1
Rb7 28. Bxa4 Bxa4 29. f3 Bb5 30. Rb3 Nd2+ 31. Kxb2 Nxb3 32. Kxb3 Be2+ 33. Ka4
Bxf3 34. Ka5 Be2 35. a4 Rb3 36. Rg3 f4 37. Rg5 fxe3 0-1

[Event "15th European Club Cup Women"]
[Site "Plovdiv BUL"]
[Date "2010.10.21"]
[Round "5"]
[White "Yakovleva, Tatiana"]
[Black "Zaiatz, Elena"]
[Result "0-1"]
[BlackTitle "IM"]
[WhiteElo "2124"]
[BlackElo "2407"]
[Board "5.3"]
[WhiteTeam "Herzliya Chess Club"]
[BlackTeam "Giprorechtrans"]
[WhiteFideId "2802449"]
[BlackFideId "4139518"]
[EventType "team"]

1. d4 Nf6 2. c4 e6 3. Nf3 d5 4. Bg5 Bb4+ 5. Nbd2 dxc4 6. Qa4+ Nc6 7. a3 Bxd2+ 8.
Bxd2 Qd5 9. e3 b5 10. Qc2 Bb7 11. Be2 Ne4 12. O-O Nxd2 13. Qxd2 O-O 14. Rfc1 a6
15. b3 cxb3 16. Rc5 Qd6 17. Qc3 Rac8 18. Rc1 Nb8 19. Nd2 Nd7 20. Rxc7 b2 21. Rc2
Rxc7 22. Qxc7 Qd5 23. e4 Qa2 24. Bf1 Nf6 25. Qxb7 b1=Q 26. Rxa2 Qxa2 27. Nf3 Ng4
28. h3 Qxf2+ 29. Kh1 Qxf1+ 0-1

[Event "15th European Club Cup Women"]
[Site "Plovdiv BUL"]
[Date "2010.10.21"]
[Round "5"]
[White "Khachatourian, Yerazik"]
[Black "Fierro Baquero, Martha L."]
[Result "0-1"]
[BlackTitle "IM"]
[WhiteElo "2025"]
[BlackElo "2368"]
[Board "6.1"]
[WhiteTeam "Oslo Schakselkap"]
[BlackTeam "CS Fischer Chieti"]
[WhiteFideId "12501948"]
[BlackFideId "3600270"]
[EventType "team"]

1. e4 d6 2. d4 Nf6 3. Nc3 g6 4. Bc4 c6 5. Nf3 Bg7 6. e5 dxe5 7. Nxe5 O-O 8. Be3
Nbd7 9. h3 Nb6 10. Bd3 Nbd5 11. Nxd5 Nxd5 12. Qd2 Nxe3 13. Qxe3 Qb6 14. O-O-O
Be6 15. Bc4 Bxc4 16. Nxc4 Qa6 17. Qb3 Rad8 18. c3 b5 19. Qa3 Qxa3 20. Nxa3 b4
21. Nc2 bxc3 22. bxc3 c5 23. Rhe1 e6 24. Re4 cxd4 25. Nxd4 Rc8 26. Kc2 Rc4 27.
Kd3 Ra4 28. Rd2 Rd8 29. f4 f5 30. Ree2 Bxd4 31. cxd4 Raxd4+ 32. Kc3 Rxd2 33.
Rxd2 Rxd2 34. Kxd2 Kf7 35. Kd3 Ke7 36. Kc4 Kd6 37. Kd4 h6 38. h4 g5 39. fxg5
hxg5 40. h5 e5+ 41. Ke3 Ke6 42. Kf3 g4+ 43. Kg3 Kf6 44. Kh4 e4 45. Kg3 Kg5 0-1

[Event "15th European Club Cup Women"]
[Site "Plovdiv BUL"]
[Date "2010.10.21"]
[Round "5"]
[White "Zimina, Olga"]
[Black "Johnsen, Sylvia"]
[Result "1-0"]
[WhiteTitle "IM"]
[BlackTitle "WFM"]
[WhiteElo "2334"]
[BlackElo "2030"]
[Board "6.2"]
[WhiteTeam "CS Fischer Chieti"]
[BlackTeam "Oslo Schakselkap"]
[WhiteFideId "4132190"]
[BlackFideId "1500988"]
[EventType "team"]

1. e4 c5 2. Nf3 e6 3. c3 d5 4. exd5 Qxd5 5. d4 Nc6 6. Be3 cxd4 7. cxd4 Nf6 8.
Nc3 Qd8 9. a3 Be7 10. Bd3 O-O 11. O-O Nd5 12. Qe2 Bf6 13. Ne4 Be7 14. Rad1 f5
15. Nc3 Nxc3 16. bxc3 Bxa3 17. Bc4 Bd6 18. d5 exd5 19. Bxd5+ Kh8 20. Bxc6 bxc6
21. Bc5 Re8 22. Rxd6 1-0

[Event "15th European Club Cup Women"]
[Site "Plovdiv BUL"]
[Date "2010.10.21"]
[Round "5"]
[White "Reppen, Ellisiv"]
[Black "De Rosa, Mariagrazia"]
[Result "0-1"]
[BlackTitle "WFM"]
[WhiteElo "1954"]
[BlackElo "2073"]
[Board "6.3"]
[WhiteTeam "Oslo Schakselkap"]
[BlackTeam "CS Fischer Chieti"]
[WhiteFideId "1504959"]
[BlackFideId "815136"]
[EventType "team"]

1. e4 c5 2. Nf3 d6 3. d4 cxd4 4. Nxd4 Nf6 5. Nc3 a6 6. Be2 e6 7. O-O Be7 8. Be3
Qc7 9. f4 Nc6 10. Bf3 O-O 11. Qe1 Nxd4 12. Bxd4 e5 13. Be3 exf4 14. Bxf4 Qb6+
15. Kh1 Qxb2 16. Rb1 Qa3 17. Rb3 Qc5 18. Qd2 Rb8 19. Be3 Qc4 20. Be2 Qe6 21.
Bxa6 Nxe4 22. Nxe4 Qxe4 23. Bd3 Qa4 24. Bb5 Qg4 25. Rb4 Qe6 26. Ba7 Ra8 27. Re1
Bg5 28. Qd1 Qh6 29. Bg1 Bd2 30. Rbe4 Bxe1 31. Qxe1 Be6 32. Rh4 Qg6 33. Qf2 Bf5
34. Be2 Rxa2 35. Bh5 Qg5 36. Qe1 Rxc2 37. Bf3 Rc1 38. Qf2 Re8 39. Rh5 Qg6 40.
Qd2 Ree1 0-1

[Event "15th European Club Cup Women"]
[Site "Plovdiv BUL"]
[Date "2010.10.21"]
[Round "5"]
[White "Di Primio, Eugenia"]
[Black "Almer, Julia"]
[Result "0-1"]
[WhiteElo "1984"]
[BlackElo "1908"]
[Board "6.4"]
[WhiteTeam "CS Fischer Chieti"]
[BlackTeam "Oslo Schakselkap"]
[WhiteFideId "821942"]
[BlackFideId "1708848"]
[EventType "team"]

1. e4 e5 2. Nf3 Nc6 3. Bc4 Nf6 4. d3 Bc5 5. c3 a6 6. Nbd2 d6 7. O-O O-O 8. Re1
Ba7 9. Bb3 Na5 10. Bc2 Nc6 11. Nf1 Ng4 12. Ne3 f5 13. d4 f4 14. Bb3+ Kh8 15. Nd5
Nf6 16. h3 h6 17. Qd3 g5 18. Nxf6 Qxf6 19. dxe5 Nxe5 20. Nxe5 dxe5 21. Qf3 g4
22. hxg4 Qg5 23. Bd1 Rg8 24. Qh3 Kh7 25. Qh5 Bxg4 26. Bxg4 Qxg4 27. Qf5+ Rg6 28.
Qxg4 Rxg4 29. Rd1 Rag8 30. Rd7+ Kh8 31. Rxc7 Rxg2+ 32. Kh1 Rxf2 33. Rxb7 Rf1+
34. Kh2 Bg1+ 35. Kh3 Be3 36. Bxe3 Rxa1 37. Bc5 Rh1# 0-1

[Event "15th European Club Cup Women"]
[Site "Plovdiv BUL"]
[Date "2010.10.21"]
[Round "5"]
[White "Vasiliev, Olga"]
[Black "Edes, Zsofia"]
[Result "1/2-1/2"]
[WhiteTitle "WIM"]
[WhiteElo "2293"]
[BlackElo "2065"]
[Board "7.2"]
[WhiteTeam "Ashdod Elite CC"]
[BlackTeam "KSC Komarno"]
[WhiteFideId "2807602"]
[BlackFideId "14912368"]
[EventType "team"]

1. e4 c5 2. Nf3 d6 3. d4 cxd4 4. Nxd4 Nf6 5. Nc3 a6 6. f4 Nbd7 7. a4 Qc7 8. Bd3
g6 9. Nf3 Bg7 10. O-O e6 11. Kh1 Nc5 12. Qe1 b6 13. f5 Bb7 14. fxe6 Nxe6 15. Nd5
Nxd5 16. exd5 Bxd5 17. Be3 O-O 18. Qh4 Qd8 19. Qf2 Nc5 20. Rad1 Nxd3 21. cxd3
Bxf3 22. Qxf3 b5 23. axb5 axb5 24. Qd5 Qd7 25. Bf4 Rac8 26. b4 Qc6 27. Qxd6 Qxd6
28. Bxd6 Rfd8 29. Bc5 Bd4 30. Be7 Rd7 31. Bg5 Bc3 32. Rc1 Rxd3 33. h3 Rc4 34.
Be7 Rd7 35. Bc5 Bb2 36. Rce1 Rd8 37. Re7 f6 38. Rb7 Rc1 39. Rxc1 Bxc1 40. Kg1
Rd1+ 41. Kf2 Rd2+ 42. Kf3 Rd3+ 43. Ke2 Rd2+ 44. Kf3 Rd3+ 45. Ke4 Rg3 46. Rxb5
Rxg2 47. Rb8+ Kg7 48. Rb7+ Kg8 49. b5 f5+ 50. Kd5 f4 51. b6 f3 52. Rb8+ Kg7 53.
b7 Bf4 54. Bd4+ Kf7 55. Rh8 f2 56. Rxh7+ Kg8 57. Rh8+ Kf7 58. Rh7+ Kg8 59. Rg7+
Kf8 60. Ke6 f1=Q 61. Rf7+ Kg8 62. b8=Q+ Bxb8 63. Rxf1 Rc2 64. Rb1 Rc8 65. Rb6 1/2-1/2

[Event "15th European Club Cup Women"]
[Site "Plovdiv BUL"]
[Date "2010.10.21"]
[Round "5"]
[White "Kral, Klaudia"]
[Black "Tsifanskaya, Ludmila A"]
[Result "1/2-1/2"]
[BlackTitle "WIM"]
[WhiteElo "1806"]
[BlackElo "2143"]
[Board "7.3"]
[WhiteTeam "KSC Komarno"]
[BlackTeam "Ashdod Elite CC"]
[WhiteFideId "14900084"]
[BlackFideId "2802368"]
[EventType "team"]

1. e4 c5 2. Nf3 Nc6 3. d4 cxd4 4. Nxd4 g6 5. c4 Bg7 6. Be3 Nf6 7. Nc3 d6 8. Be2
O-O 9. f3 Bd7 10. Qd2 a6 11. Nxc6 bxc6 12. Bh6 Rb8 13. Bxg7 Kxg7 14. g4 Qa5 15.
h4 h5 16. Rg1 hxg4 17. fxg4 Qe5 18. O-O-O Rh8 19. h5 Nxe4 20. Nxe4 Qxe4 21. Bd3
Qd4 22. hxg6 fxg6 23. Qe2 Qf4+ 24. Kb1 e5 25. Bxg6 Rh2 26. Rg2 Rxg2 27. Qxg2 d5
28. Bf5 Be8 29. cxd5 cxd5 30. Qxd5 1/2-1/2

[Event "15th European Club Cup Women"]
[Site "Plovdiv BUL"]
[Date "2010.10.21"]
[Round "5"]
[White "Dotan, Valeria"]
[Black "Kralova, Katarina"]
[Result "1/2-1/2"]
[WhiteTitle "WFM"]
[WhiteElo "2104"]
[BlackElo "1861"]
[Board "7.4"]
[WhiteTeam "Ashdod Elite CC"]
[BlackTeam "KSC Komarno"]
[WhiteFideId "2803607"]
[BlackFideId "14927330"]
[EventType "team"]

1. d4 d5 2. c4 e6 3. Nf3 Nf6 4. Nc3 Be7 5. Bg5 O-O 6. e3 Nbd7 7. Qc2 Re8 8. Bd3
dxc4 9. Bxc4 c5 10. Rd1 Qa5 11. O-O a6 12. dxc5 Bxc5 13. a3 Qc7 14. Bd3 h6 15.
Bh4 Bd6 16. Rd2 b6 17. Rfd1 Be7 18. Bg3 Qa7 19. Be2 Nf8 20. Bd6 Ng6 21. Bxe7
Nxe7 22. Ne5 Bb7 23. e4 Rac8 24. Bf3 b5 25. Qb3 Qa8 26. Nd7 Nxd7 27. Rxd7 Bc6
28. R7d6 Ng6 29. g3 Ne5 30. Bg2 Nc4 31. R6d3 Red8 32. Qc2 Rxd3 33. Rxd3 Rd8 1/2-1/2

[Event "15th European Club Cup Women"]
[Site "Plovdiv BUL"]
[Date "2010.10.22"]
[Round "6"]
[White "Socko, Monika"]
[Black "Pogonina, Natalija"]
[Result "1/2-1/2"]
[WhiteTitle "GM"]
[BlackTitle "WGM"]
[WhiteElo "2486"]
[BlackElo "2491"]
[Board "1.2"]
[WhiteTeam "SPb Chess Club"]
[BlackTeam "AVS"]
[WhiteFideId "1106619"]
[BlackFideId "4147855"]
[EventType "team"]

1. e4 e5 2. Nf3 Nc6 3. Bc4 Bc5 4. c3 Nf6 5. d4 exd4 6. e5 d5 7. Be2 Ne4 8. cxd4
Bb6 9. O-O O-O 10. Nc3 Be6 11. Be3 f6 12. Qb3 Nxc3 13. bxc3 fxe5 14. dxe5 Bxe3
15. fxe3 Na5 16. Qa3 b6 17. Rad1 Qe8 18. Qb4 Qg6 19. Qh4 Qe4 20. Qf2 Nc4 21.
Bxc4 Qxc4 22. Qd2 Qe4 23. Rf2 h6 24. a3 c5 25. Qd3 Rae8 26. h3 Rf7 27. Qxe4 dxe4
28. Nh2 Rxf2 29. Kxf2 Kf7 30. Kg3 Ke7 31. Ng4 Rf8 32. Nf2 Rf5 33. Nxe4 Rxe5 34.
Kf4 Rf5+ 35. Kg3 Re5 36. Kf4 Rf5+ 37. Kg3 Bd5 38. Nf2 Bc6 39. e4 Rf6 40. h4 Rf8
41. Nh3 Ba4 42. Rd3 Rf1 43. Nf4 Re1 44. Nd5+ Ke6 45. Kf4 Bc2 46. Nc7+ Ke7 47.
Re3 Rxe3 48. Nd5+ Ke6 49. Nxe3 Bd3 50. h5 b5 51. Nf5 Kf6 52. Nd6 a5 53. e5+ Ke7
54. Ke3 Bf1 55. Kf2 Bd3 56. Ke3 Bf1 57. Kf2 Bd3 58. Ke3 Bf1 1/2-1/2

[Event "15th European Club Cup Women"]
[Site "Plovdiv BUL"]
[Date "2010.10.22"]
[Round "6"]
[White "Hou, Yifan"]
[Black "Harika, Dronavalli"]
[Result "1/2-1/2"]
[WhiteTitle "GM"]
[BlackTitle "IM"]
[WhiteElo "2578"]
[BlackElo "2515"]
[Board "2.2"]
[WhiteTeam "Cercle d'Echecs de Monte Carlo"]
[BlackTeam "MIKA Yerevan"]
[WhiteFideId "8602980"]
[BlackFideId "5015197"]
[EventType "team"]

1. e4 e5 2. Nf3 Nc6 3. Bb5 Nf6 4. Qe2 Bd6 5. c3 O-O 6. O-O Re8 7. Ba4 Bf8 8. d3
d6 9. Re1 h6 10. Nbd2 Bd7 11. Bc2 Ne7 12. Nf1 Ng6 13. Ng3 c5 14. h3 d5 15. Qf1
dxe4 16. dxe4 Qc7 17. Nf5 c4 18. Nh2 Rad8 19. g3 Nh7 20. Ng4 Ne7 21. Qe2 Nxf5
22. exf5 e4 23. Bf4 Qc8 24. Bxe4 Bxf5 25. Bxf5 Rxe2 26. Bxc8 Rxe1+ 27. Rxe1 Rxc8
28. Rd1 h5 29. Ne3 g5 30. Bd6 Rd8 31. Bxf8 Rxd1+ 32. Nxd1 Nxf8 33. Ne3 b5 34. a4
a6 35. axb5 axb5 36. Nf5 Ne6 37. Nd6 Nc5 38. Nxb5 Na4 39. Kf1 Kg7 40. Ke2 Kf6
41. Nd6 Nxb2 42. f3 h4 43. gxh4 gxh4 44. Ke3 Ke6 45. Ne4 Kf5 46. f4 Nd1+ 47. Kf3
Kg6 48. Nd6 Nxc3 49. Kg4 Nd1 50. Nxc4 Nf2+ 51. Kxh4 Kf5 52. Kg3 Nxh3 53. Kxh3 1/2-1/2

[Event "15th European Club Cup Women"]
[Site "Plovdiv BUL"]
[Date "2010.10.22"]
[Round "6"]
[White "Javakhishvili, Lela"]
[Black "Munguntuul, Batkhuyag"]
[Result "1-0"]
[WhiteTitle "IM"]
[BlackTitle "IM"]
[WhiteElo "2451"]
[BlackElo "2412"]
[Board "3.2"]
[WhiteTeam "Samaia Tbilisi"]
[BlackTeam "Giprorechtrans"]
[WhiteFideId "13601458"]
[BlackFideId "4900758"]
[EventType "team"]

1. d4 d5 2. c4 e6 3. Nf3 Nf6 4. Nc3 Be7 5. Bg5 O-O 6. e3 Nbd7 7. Rc1 a6 8. c5 c6
9. Bd3 e5 10. dxe5 Ne8 11. Bf4 Nxc5 12. Bb1 f6 13. Qc2 g6 14. Nd4 fxe5 15. Bxe5
Nf6 16. h3 Nfe4 17. O-O Bh4 18. f3 Nxc3 19. Qxc3 Ne6 20. f4 Nxd4 21. exd4 Be6
22. g4 Bf6 23. f5 gxf5 24. gxf5 Bd7 25. Kh1 Kh8 26. Qg3 Qe8 27. Rce1 Qf7 28. Qh4
Rae8 29. Qf4 a5 30. a3 b6 31. b4 axb4 32. axb4 Qe7 33. Rg1 c5 34. Qh6 cxd4 35.
Rg6 Bxe5 36. f6 Rxf6 37. Rxf6 Qg7 38. Rxe5 Qxh6 39. Rxe8+ 1-0